[Event "Carballo Concello 4th"]
[Site "Carballo"]
[Date "2021.09.08"]
[Round "9"]
[White "Rajini Kanth, D."]
[Black "Espineira Gonzalez, Diego Adrian"]
[Result "0-1"]
[WhiteElo "1368"]
[BlackElo "2310"]
[PlyCount "58"]
[EventDate "2021.09.01"]
[EventType "swiss"]
[EventRounds "9"]
[EventCountry "ESP"]
[SourceTitle "EXT 2022"]
[Source "ChessBase"]
[SourceDate "2021.10.06"]
[SourceVersion "1"]
[SourceVersionDate "2021.10.06"]
[SourceQuality "1"]

1. Nc3 c5 2. Nf3 Nc6 3. d4 cxd4 4. Nxd4 g6 5. Be3 Bg7 6. Nxc6 bxc6 7. Bd4 Nf6 8. Ne4 Nxe4 9. Bxg7 Rg8 10. Qd4 Qa5+ 11. c3 Nd6 12. Be5 Nf5 13. Qf4 d6 14. Bf6 exf6 15. e4 Ne7 16. Qxd6 Qe5 17. Qd3 f5 18. 0-0-0 Kf8 19. Qe3 Kg7 20. h4 h5 21. f3 fxe4 22. g4 Nd5 23. Qxe4 Qxe4 24. fxe4 Ne3 25. Rd6 Nxg4 26. Be2 Re8 27. Bf3 Ne5 28. Bg2 Bg4 29. Rf1 Rad8 0-1